| 000 | 00486nam a22001817a 4500 | ||
|---|---|---|---|
| 999 |
_c525828 _d525828 |
||
| 003 | NUST | ||
| 020 | _qHB/K | ||
| 038 | _aFaiza | ||
| 082 |
_a891.4396 _bIQB |
||
| 100 |
_aIqbal, Sarfraz _916771 |
||
| 245 |
_aDaman e Yousaf / _cSarfraz Iqbal |
||
| 260 |
_aLahore : _bKhalid Sharif, _cn.d. |
||
| 300 | _a126 p. ; | ||
| 880 |
_6100-01\r _aسرفراز اقبال |
||
| 880 |
_6245-02\r _aدامنِ یوسف / |
||
| 880 |
_6260-03\r _aلاہور : _bخالد شریف, |
||
| 942 |
_2ddc _cBK |
||